LEADER 01073nam--2200361---450- 001 990006095420203316 005 20151103143114.0 035 $a000609542 035 $aUSA01000609542 035 $a(ALEPH)000609542USA01 035 $a000609542 100 $a20151103d1959----km-y0itay50------ba 101 $aita 102 $aIT 105 $a||||||||001yy 200 1 $aAimée$fJacques Rivière 210 $aMilano$cFeltrinelli$d1959 215 $a219 p.$d21 cm 225 2 $aBiblioteca di letteratura$iI classici moderni$v2 300 $aTraduzione dal francese di Niccolò Gallo 410 0$12001$aBiblioteca di letteratura$v2$iI classici moderni 454 1$12001$aAimée$91383155 676 $a843.912 700 1$aRIVIERE,$bJacques$f<1886-1925>$0402547 801 0$aIT$bsalbc$gISBD 912 $a990006095420203316 951 $aXV.9.M. 1841$b3755 MAR$cXV.9.M.$d00348310 959 $aBK 969 $aMAR 979 $aIANNONE$b90$c20151103$lUSA01$h1428 979 $aIANNONE$b90$c20151103$lUSA01$h1431 996 $aAimée$91383155 997 $aUNISA